Henry and Mudge take the big test / (Record no. 4172)

MARC details
000 -LEADER
fixed length control field 01094pam a2200337 a 4500
001 - CONTROL NUMBER
control field 4172
003 - CONTROL NUMBER IDENTIFIER
control field FISKH
005 - DATE AND TIME OF LATEST TRANSACTION
control field 20240625105313.0
008 - FIXED-LENGTH DATA ELEMENTS--GENERAL INFORMATION
fixed length control field 900321s1991 nyua j 000 1 eng
010 ## - LIBRARY OF CONGRESS CONTROL NUMBER
LC control number 90035171
020 ## - INTERNATIONAL STANDARD BOOK NUMBER
International Standard Book Number 0027780090 :
020 ## - INTERNATIONAL STANDARD BOOK NUMBER
International Standard Book Number 9780689808869
040 ## - CATALOGING SOURCE
Original cataloging agency DLC
Transcribing agency DLC
Modifying agency DLC
Language of cataloging eng
050 00 - LIBRARY OF CONGRESS CALL NUMBER
Classification number PZ7.R982
082 ## - DEWEY DECIMAL CLASSIFICATION NUMBER
Classification number 808.068
100 1# - MAIN ENTRY--PERSONAL NAME
Personal name Rylant, Cynthia.
245 10 - TITLE STATEMENT
Title Henry and Mudge take the big test /
Statement of responsibility, etc. story by Cynthia Rylant ; pictures by Suçie Stevenson.
250 ## - EDITION STATEMENT
Edition statement First Aladdin Paperback Edition 1996
260 ## - PUBLICATION, DISTRIBUTION, ETC.
Place of publication, distribution, etc. New York :
Name of publisher, distributor, etc. Aladdin Paperback,
Date of publication, distribution, etc. 1991.
300 ## - PHYSICAL DESCRIPTION
Extent 40 pages :
Other physical details color illustrations ;
Dimensions 23 cm
490 ## - SERIES STATEMENT
Series statement Ready to read
Volume/sequential designation Level 2
505 ## - FORMATTED CONTENTS NOTE
Formatted contents note J<br/>
520 ## - SUMMARY, ETC.
Summary, etc. After eight weeks at Papp's Dog School, Henry's dog Mudge earns a certificate and lots of liver treats.
521 8# - TARGET AUDIENCE NOTE
Target audience note 480<br/>
Source Lexile<br/>
521 8# - TARGET AUDIENCE NOTE
Target audience note J<br/>
Source Raz-Plus<br/>
650 #1 - SUBJECT ADDED ENTRY--TOPICAL TERM
Topical term or geographic name entry element Dogs
General subdivision Training
-- Fiction.
700 1# - ADDED ENTRY--PERSONAL NAME
Personal name Stevenson, Suçie,
Relator term illustrator
906 ## - LOCAL DATA ELEMENT F, LDF (RLIN)
a 7
b cbc
c orignew
d 1
e ocip
f 19
g y-gencatlg
942 ## - ADDED ENTRY ELEMENTS (KOHA)
Source of classification or shelving scheme Dewey Decimal Classification
Koha item type Books
Suppress in OPAC No
Holdings
Withdrawn status Lost status Source of classification or shelving scheme Damaged status Not for loan Collection Home library Current library Shelving location Date acquired Total Checkouts Full call number Barcode Date last seen Date last checked out Price effective from Koha item type Copy number
    Dewey Decimal Classification     Juvenile Fiction Footprints International School Library Network Toul Kork Campus Footprints International School Library Network Toul Kork Campus TK Primary Library Room(4th Floor), Bookcase 1&2, Shelves 1-16, Dark Blue Books 06/25/2024 1 RYL 808.068 PZ7.R982 FISTK01189 03/12/2026 03/05/2026 06/25/2024 Books  
    Dewey Decimal Classification     Juvenile Fiction Footprints International School Library Network Toul Kork Campus Footprints International School Library Network Toul Kork Campus TK Primary Library Room(4th Floor), Bookcase 1&2, Shelves 1-16, Dark Blue Books 10/21/2024   RYL 808.068 PZ7.R982 2024-2175 10/21/2024   10/21/2024 Books 2